000 03727nam a22003377a 4500
001 TIC 0013
003 gtcocun
005 20250923183914.0
006 a||||gr|||| 00| 0
007 ta
008 250923b2022 gt ||||| m||| 00| 0 eng d
040 _agtcocun
_bSPA
_cgtcocun
_eRDA
041 _aSPA TIC 0013
084 _0TIC 0013
100 _aPaque López, Catalina
_eAutor
245 _aDISEÑO Y PLANIFICACIÓN DE EDIFICIO DE USOS MÚLTIPLES Y MURO DE CONTENCIÓN DEL PUESTO DE SALUD EN LA ALDEA COOPERATIVA SECHAJ DEL MUNICIPIO DE RAXRUHÁ DEL DEPARTAMENTO ALTA VERAPAZ./
_bCatalina Paque López.
_hImpreso
264 _aCobán, Alta Verapaz:
_bUniversidad de San Carlos de Guatemala, Centro Universitario del Norte, Ingeniería Civil
_c2022
300 _a233 p.:
_bIlustraciones, gráficas.
_c28 cm;
300 _cPDF
336 _2rdacontenido
_aTexto
_btxt
337 _2rdamedio
_aComputadora
_bn
338 _2rdasoporte
_aCódigo en línea
_bcr
502 _eTIC 0013
502 _aTesis de grado
_bIngeniería Civil,
_cUniversidad de San Carlos de Guatemala, Centro Universitario del Norte, Ingeniería Civil
_d2022
_oTIC 0013
520 1 4 _aEl Ejercicio Profesional Supervisado -EPS- forma parte del pensum de la carrera de ingeniería civil y este se llevó a cabo en la municipalidad de Raxruhá, del departamento de Alta Verapaz, con la finalidad de conocer las necesidades básicas del municipio y así brindar la oportunidad de contribuir con el desarrollo del país en la implementación de proyectos de obras de infraestructura. Para su desarrollo se dividió en dos fases. La primera es la fase de investigación, que contiene la descripción de las actividades y funciones principales de la Municipalidad de Raxruhá, el estudio preliminar de un diagnóstico y la monografía del municipio, su ubicación, geografía, vías de acceso, características socioeconómicas y las necesidades encontradas de los servicios básicos e infraestructura. La segunda es la fase del diseño y soluciones dadas a las necesidades encontradas, para ello se describen dos necesidades de infraestructuras. Para la primera necesidad se realizó el diseño de un edificio de usos múltiples de dos plantas en la aldea cooperativa Sechaj ubicado al oeste del municipio, área de construcción de 886.00 metros cuadrados, que consistió en el predimensionamiento, análisis y diseño estructural de cada elemento que conforma la edificación con capacidades de tolerar las cargas integradas, muros de mampostería, servicios e instalaciones, para promover un lugar adecuado para converger, acceso a la educación y actividad sociocultural. La segunda necesidad fue identificada la inestabilidad de un talud adyacente al puesto de salud de la misma aldea, por lo que se diseñó una obra de retención tipo voladizo de concreto armado de 56.00 metros lineales que soportará un talud de 3.00 metros de altura esto consistió en el predimensionamiento, análisis de cargas y presión, diseño de elementos estructurales y un sistema de drenaje adecuado. Para ambos proyectos se desarrollan las actividades realizadas de investigación de campo, análisis estructural, diseño estructural, diseño de instalaciones y obras complementarias; así como también los planos constructivos, presupuesto y cronogramas.
650 1 4 _2LEMB
_aRaxruhá, Alta Verapaz.
_xIngeniería
_xRaxruhá
_xEdificio
_xInfrastructura
_xInstalaciones
_xNecesidad
700 _aIng. Civil Marlon Alexander Moran Castro
_eAsesor
856 _uhttps://drive.google.com/file/d/1pgU9QSAvq6YK1XelbhPCXdAuUtPKs1Pk/view
_yPDF
_zUn ejemplar en línea.
942 _2ddc
_cTES
_iTIC 0013
_kClasificación
_n0
_6TIC_0013_000000000000000
999 _c2103
_d2103